Statystyki dla Warszawska Szybka Kolej Miejska - linia S3 (przystanki)

Kliknij tutaj aby rozwiązać quiz!

Ogólne statystyki

  • Ten quiz został rozwiązany 7 razy
  • Średni wynik to 19 z 24

Statystyki odpowiedzi

Numer przystankuNazwa przystanku% Poprawnych
7.Legionowo
100%
23.Warszawa Służewiec
100%
19.Warszawa Zachodnia (peron 9)
100%
6.Legionowo Piaski
86%
20.Warszawa Aleje Jerozolimskie
86%
14.Warszawa Gdańska
86%
24.Warszawa Lotnisko Chopina
86%
9.Warszawa Płudy
86%
12.Warszawa Praga
86%
21.Warszawa Rakowiec
86%
11.Warszawa Toruńska
86%
18.Warszawa Wola
86%
10.Warszawa Żerań
86%
13.Warszawa ZOO
86%
22.Warszawa Żwirki i Wigury
86%
4.Wieliszew
86%
8.Warszawa Choszczówka
71%
16.Warszawa Koło
71%
17.Warszawa Młynów
71%
15.Warszawa Powązki
71%
5.Michałów Reginów
57%
3.Nieporęt
57%
1.Radzymin
57%
2.Dąbkowizna
29%

Rozkład punktacji

Percentyl według liczby udzielonych odpowiedzi

Procent ludzi z każdym wynikiem

Twoja historia wyników

Nie rozwiązałeś tego quizu